[Event "EYCC Open-U18 2019"]
[Site "Bratislava"]
[Date "2019.08.06"]
[Round "5.10"]
[White "Murzin, Volodar"]
[Black "Guerra Rivera, Salvador"]
[Result "1-0"]
[WhiteElo "2429"]
[BlackElo "2355"]
[Annotator "NA"]
[PlyCount "73"]
[EventDate "2019.08.02"]
[EventType "swiss"]
[EventCountry "SVK"]
[SourceTitle "playchess.com"]
[Source "ChessBase"]
[SourceQuality "1"]
[TimeControl "40/5400+30:1800+30"]

1. e4 {[%emt 0:00:00]} e6 {[%emt 0:00:00]} 2. d4 {[%emt 0:00:00]} d5 {[%emt 0:00:00]} 3. Nc3 {[%emt 0:00:01]} Nf6 {[%emt 0:00:40]} 4. e5 {[%emt 0:00:17]} Nfd7 {[%emt 0:00:29]} 5. f4 {[%emt 0:00:26]} c5 {[%emt 0:00:20]} 6. Nf3 {[%emt 0:00:21]} Nc6 {[%emt 0:00:25]} 7. Be3 {[%emt 0:00:18]} Be7 {[%emt 0:00:17]} 8. Qd2 {[%emt 0:07:17]} O-O {[%emt 0:00:52]} 9. g3 {[%emt 0:04:06]} Rb8 {[%emt 0:00:58]} 10. Be2 {[%emt 0:02:46]} b6 {[%emt 0:05:14]} 11. O-O {[%emt 0:01:29]} f5 {[%emt 0:00:23]} 12. Rad1 {[%emt 0:09:03]} cxd4 {[%emt 0:05:47]} 13. Nxd4 {[%emt 0:00:06]} Nxd4 {[%emt 0:00:08]} 14. Bxd4 {[%emt 0:00:02]} Nc5 {[%emt 0:00:09]} 15. Qe3 {[%emt 0:00:14]} Ba6 {[%emt 0:05:24]} 16. Bxa6 {[%emt 0:03:23]} Nxa6 {[%emt 0:00:17]} 17. Rf2 {[%emt 0:02:25]} Nc5 {[%emt 0:03:32]} 18. Rg2 {[%emt 0:02:13]} Kh8 {[%emt 0:05:56]} 19. g4 {[%emt 0:02:57]} g5 {[%emt 0:03:56]} 20. Kh1 {[%emt 0:07:15]} gxf4 {[%emt 0:11:29]} 21. Qxf4 {[%emt 0:04:43]} Bg5 {[%emt 0:04:28]} 22. Qf3 {[%emt 0:01:27]} f4 {[%emt 0:06:27]} 23. Nb5 {[%emt 0:09:00]} Ne4 {[%emt 0:07:26]} 24. Nd6 {[%emt 0:07:55]} Bh4 {[%emt 0:05:34]} 25. g5 {[%emt 0:03:57]} Nxg5 {[%emt 0:10:00]} 26. Qh5 {[%emt 0:06:51]} Ne4 {[%emt 0:04:16]} 27. Rdg1 {[%emt 0:03:25]} Bg3 {[%emt 0:08:37]} 28. hxg3 {[%emt 0:01:05]} Nxg3+ {[%emt 0:03:56]} 29. Kh2 {[%emt 0:05:10]} Qe7 {[%emt 0:02:04]} 30. Qh6 {[%emt 0:04:15]} Rbd8 {[%emt 0:03:12]} 31. Bf2 {[%emt 0:00:59]} Rg8 {[%emt 0:00:57]} 32. Bxg3 {[%emt 0:01:25]} Rg6 {[%emt 0:00:19]} 33. Qxf4 {[%emt 0:02:53]} Rf8 {[%emt 0:00:05]} 34. Bh4 {[%emt 0:00:39]} Qg7 {[%emt 0:02:10]} 35. Rxg6 {[%emt 0:00:14]} Rxf4 {[%emt 0:00:11]} 36. Rxg7 {[%emt 0:00:06]} Rxh4+ {[%emt 0:00:09]} 37. Kg3 {[%emt 0:00:04]} 1-0

[Event "EYCC Open-U18 2019"]
[Site "Bratislava"]
[Date "2019.08.06"]
[Round "5.11"]
[White "Levitskiy, Andrey"]
[Black "Zarubitski, Viachaslau"]
[Result "0-1"]
[WhiteElo "2280"]
[BlackElo "2424"]
[Annotator "NA"]
[PlyCount "98"]
[EventDate "2019.08.02"]
[EventType "swiss"]
[EventCountry "SVK"]
[SourceTitle "playchess.com"]
[Source "ChessBase"]
[SourceQuality "1"]
[TimeControl "40/5400+30:1800+30"]

1. e4 {[%emt 0:00:00]} Nf6 {[%emt 0:00:00]} 2. e5 {[%emt 0:00:05]} Nd5 {[%emt 0:00:00]} 3. d4 {[%emt 0:00:09]} d6 {[%emt 0:00:02]} 4. Nf3 {[%emt 0:00:12]} dxe5 {[%emt 0:00:14]} 5. Nxe5 {[%emt 0:00:15]} c6 {[%emt 0:00:07]} 6. Be2 {[%emt 0:00:48]} Nd7 {[%emt 0:00:45]} 7. Nf3 {[%emt 0:00:50]} g6 {[%emt 0:00:10]} 8. c4 {[%emt 0:01:17]} Nc7 {[%emt 0:00:13]} 9. Nc3 {[%emt 0:01:01]} Bg7 {[%emt 0:00:11]} 10. O-O {[%emt 0:02:33]} O-O {[%emt 0:00:05]} 11. Bf4 {[%emt 0:08:28]} Ne6 {[%emt 0:02:41]} 12. Be3 {[%emt 0:01:43]} Nf6 {[%emt 0:00:51]} 13. h3 {[%emt 0:12:50]} Qc7 {[%emt 0:00:30]} 14. Qc1 {[%emt 0:02:40]} b6 {[%emt 0:15:11]} 15. Rd1 {[%emt 0:16:33]} Bb7 {[%emt 0:00:17]} 16. d5 {[%emt 0:02:20]} Nc5 {[%emt 0:06:23]} 17. Bf4 {[%emt 0:09:50]} Qc8 {[%emt 0:00:43]} 18. d6 {[%emt 0:03:29]} Re8 {[%emt 0:19:44]} 19. dxe7 {[%emt 0:00:25]} Nce4 {[%emt 0:04:38]} 20. Nxe4 {[%emt 0:02:50]} Nxe4 {[%emt 0:00:26]} 21. Bh6 {[%emt 0:06:17]} Rxe7 {[%emt 0:05:59]} 22. Bxg7 {[%emt 0:00:49]} Kxg7 {[%emt 0:00:01]} 23. Bd3 {[%emt 0:02:12]} c5 {[%emt 0:01:33]} 24. Re1 {[%emt 0:01:08]} Qf5 {[%emt 0:05:47]} 25. Bxe4 {[%emt 0:08:02]} Bxe4 {[%emt 0:00:30]} 26. Ng5 {[%emt 0:05:07]} Rae8 {[%emt 0:01:30]} 27. Nxe4 {[%emt 0:00:44]} Rxe4 {[%emt 0:00:04]} 28. Qc3+ {[%emt 0:04:11]} Qf6 {[%emt 0:06:31]} 29. Rxe4 {[%emt 0:03:57]} Rxe4 {[%emt 0:01:05]} 30. Qc2 {[%emt 0:02:34]} Qf4 {[%emt 0:17:27]} 31. Rc1 {[%emt 0:00:21]} Rd4 {[%emt 0:00:32]} 32. Qc3 {[%emt 0:00:41]} f6 {[%emt 0:03:22]} 33. g3 {[%emt 0:01:07]} Qf5 {[%emt 0:02:48]} 34. Kg2 {[%emt 0:00:59]} Qe4+ {[%emt 0:00:22]} 35. Kg1 {[%emt 0:00:06]} Rd3 {[%emt 0:00:15]} 36. Re1 {[%emt 0:00:50]} Rxc3 {[%emt 0:02:04]} 37. Rxe4 {[%emt 0:00:02]} Rc1+ {[%emt 0:00:03]} 38. Kg2 {[%emt 0:00:11]} Kf7 {[%emt 0:00:03]} 39. b3 {[%emt 0:01:22]} Rc2 {[%emt 0:00:33]} 40. a3 {[%emt 0:00:00]} Rc3 {[%emt 0:00:00]} 41. Re3 {[%emt 0:00:55]} Rxe3 {[%emt 0:03:48]} 42. fxe3 {[%emt 0:00:01]} Ke6 {[%emt 0:00:05]} 43. Kf3 {[%emt 0:05:07]} Ke5 {[%emt 0:00:03]} 44. e4 {[%emt 0:05:01]} Kd4 {[%emt 0:06:00]} 45. Kf4 {[%emt 0:01:32]} h5 {[%emt 0:05:55]} 46. Kf3 {[%emt 0:14:27]} g5 {[%emt 0:02:53]} 47. h4 {[%emt 0:00:13]} a6 {[%emt 0:00:05]} 48. b4 {[%emt 0:00:32]} gxh4 {[%emt 0:01:27]} 49. gxh4 {[%emt 0:00:08]} Kxc4 {[%emt 0:00:10]} 0-1

[Event "EYCC Open-U18 2019"]
[Site "Bratislava"]
[Date "2019.08.06"]
[Round "5.12"]
[White "Ciorgovean, Iustin"]
[Black "Bjerre, Jonas Buhl"]
[Result "0-1"]
[WhiteElo "2330"]
[BlackElo "2503"]
[Annotator "ChessBase"]
[PlyCount "82"]
[EventDate "2019.08.02"]
[EventType "swiss"]
[EventCountry "SVK"]
[SourceTitle "playchess.com"]
[Source "ChessBase"]
[SourceQuality "1"]
[TimeControl "40/5400+30:1800+30"]

1. d4 {[%emt 0:00:00]} Nf6 {[%emt 0:00:00]} 2. c4 {[%emt 0:00:00]} e6 {[%emt 0:00:00]} 3. Nc3 {[%emt 0:00:00]} Bb4 {[%emt 0:00:07]} 4. Qc2 {[%emt 0:00:00]} O-O {[%emt 0:00:16]} 5. a3 {[%emt 0:00:00]} Bxc3+ {[%emt 0:00:05]} 6. Qxc3 {[%emt 0:00:00]} d6 {[%emt 0:00:56]} 7. f3 {[%emt 0:01:18]} b6 {[%emt 0:02:50]} 8. e4 {[%emt 0:04:47]} c5 {[%emt 0:00:15]} 9. Be3 {[%emt 0:13:05]} Ba6 {[%emt 0:06:45]} 10. Ne2 {[%emt 0:26:38]} Nc6 {[%emt 0:07:11]} 11. d5 {[%emt 0:09:12]} exd5 {[%emt 0:03:32]} 12. cxd5 {[%emt 0:01:22]} Ne5 {[%emt 0:01:17]} 13. Ng3 {[%emt 0:03:32]} Bxf1 {[%emt 0:06:14]} 14. Rxf1 {[%emt 0:00:39]} b5 {[%emt 0:08:24]} 15. Kf2 {[%emt 0:01:25]} a5 {[%emt 0:04:27]} 16. Kg1 {[%emt 0:02:22]} b4 {[%emt 0:02:17]} 17. axb4 {[%emt 0:01:50]} axb4 {[%emt 0:01:06]} 18. Qc2 {[%emt 0:01:32]} Nfd7 {[%emt 0:10:15]} 19. Qe2 {[%emt 0:06:21]} Qf6 {[%emt 0:05:25]} 20. Ra6 {[%emt 0:05:33]} c4 {[%emt 0:05:19]} 21. Rfa1 {[%emt 0:01:32]} Rxa6 {[%emt 0:02:38]} 22. Rxa6 {[%emt 0:00:06]} Nd3 {[%emt 0:04:13]} 23. Nf5 {[%emt 0:04:27]} Qxb2 {[%emt 0:01:21]} 24. Qxb2 {[%emt 0:00:09]} Nxb2 {[%emt 0:00:04]} 25. Bd4 {[%emt 0:03:33]} Nd3 {[%emt 0:01:50]} 26. Rxd6 {[%emt 0:04:56]} N7e5 {[%emt 0:06:06]} 27. f4 {[%emt 0:01:57]} Ng6 {[%emt 0:01:45]} 28. g3 {[%emt 0:00:44]} c3 {[%emt 0:05:21]} 29. Rc6 {[%emt 0:02:01]} Ra8 {[%emt 0:02:21]} 30. Kf1 {[%emt 0:01:08]} Nf8 {[%emt 0:02:18]} 31. Ke2 {[%emt 0:01:36]} Nc1+ {[%emt 0:00:01]} 32. Ke3 {[%emt 0:01:02]} Na2 {[%emt 0:02:20]} 33. Nxg7 {[%emt 0:01:15]} b3 {[%emt 0:01:10]} 34. Nf5 {[%emt 0:00:34]} Nd7 {[%emt 0:01:26]} 35. Kd3 {[%emt 0:00:52]} b2 {[%emt 0:01:21]} 36. Kc2 {[%emt 0:01:58]} Nb4+ {[%emt 0:00:19]} 37. Kxc3 {[%emt 0:00:29]} b1=Q {[%emt 0:01:16]} 38. Kc4 {[%emt 0:00:29]} Qd3+ {[%emt 0:01:43]} 39. Kxb4 {[%emt 0:00:07]} Qa3+ {[%emt 0:00:10]} 40. Kc4 {[%emt 0:00:00]} Ra4+ {[%emt 0:00:00]} 41. Kb5 {[%emt 0:00:30]} Qb4# {[%emt 0:00:15]} 0-1

[Event "EYCC Open-U18 2019"]
[Site "Bratislava"]
[Date "2019.08.06"]
[Round "5.13"]
[White "Gumularz, Szymon"]
[Black "Martinez Fernandez, Adrian"]
[Result "1-0"]
[WhiteElo "2502"]
[BlackElo "2311"]
[Annotator "ChessBase"]
[PlyCount "45"]
[EventDate "2019.08.02"]
[EventType "swiss"]
[EventCountry "SVK"]
[SourceTitle "playchess.com"]
[Source "ChessBase"]
[SourceQuality "1"]
[TimeControl "40/5400+30:1800+30"]

1. c4 {[%emt 0:00:00]} c5 {[%emt 0:00:12]} 2. Nf3 {[%emt 0:00:00]} g6 {[%emt 0:00:27]} 3. d4 {[%emt 0:00:15]} cxd4 {[%emt 0:00:09]} 4. Nxd4 {[%emt 0:00:14]} Nf6 {[%emt 0:01:03]} 5. Nc3 {[%emt 0:00:15]} Nc6 {[%emt 0:00:25]} 6. e4 {[%emt 0:01:52]} d6 {[%emt 0:00:58]} 7. Be2 {[%emt 0:03:05]} Nxd4 {[%emt 0:00:10]} 8. Qxd4 {[%emt 0:00:11]} Bg7 {[%emt 0:00:12]} 9. Be3 {[%emt 0:00:29]} O-O {[%emt 0:00:10]} 10. Qd2 {[%emt 0:00:05]} a5 {[%emt 0:02:23]} 11. O-O {[%emt 0:02:40]} a4 {[%emt 0:00:06]} 12. Rad1 {[%emt 0:01:16]} Qa5 {[%emt 0:06:59]} 13. Bd4 {[%emt 0:01:19]} Be6 {[%emt 0:21:16]} 14. f4 {[%emt 0:02:40]} Qb4 {[%emt 0:02:27]} 15. a3 {[%emt 0:16:55]} Qa5 {[%emt 0:11:26]} 16. f5 {[%emt 0:02:48]} Bd7 {[%emt 0:00:16]} 17. c5 {[%emt 0:13:02]} Bc6 {[%emt 0:18:52]} 18. cxd6 {[%emt 0:03:14]} exd6 {[%emt 0:00:02]} 19. Qf4 {[%emt 0:03:17]} Rad8 {[%emt 0:04:26]} 20. Qh4 {[%emt 0:08:57]} Ne8 {[%emt 0:00:37]} 21. f6 {[%emt 0:02:07]} Bh8 {[%emt 0:01:46]} 22. Rd3 {[%emt 0:01:19]} Bxf6 {[%emt 0:06:27]} 23. Rxf6 {[%emt 0:00:18]} 1-0

[Event "EYCC Open-U18 2019"]
[Site "Bratislava"]
[Date "2019.08.06"]
[Round "5.14"]
[White "Galiana Fernandez, Adrian"]
[Black "Blohberger, Felix"]
[Result "1/2-1/2"]
[WhiteElo "2302"]
[BlackElo "2476"]
[Annotator "ChessBase"]
[PlyCount "112"]
[EventDate "2019.08.02"]
[EventType "swiss"]
[EventCountry "SVK"]
[SourceTitle "playchess.com"]
[Source "ChessBase"]
[SourceQuality "1"]
[TimeControl "40/5400+30:1800+30"]

1. d4 {[%emt 0:00:00]} Nf6 {[%emt 0:00:00]} 2. c4 {[%emt 0:00:00]} e6 {[%emt 0:00:00]} 3. Nc3 {[%emt 0:00:00]} Bb4 {[%emt 0:00:00]} 4. Qc2 {[%emt 0:00:00]} d5 {[%emt 0:01:00]} 5. cxd5 {[%emt 0:00:00]} exd5 {[%emt 0:00:17]} 6. Bg5 {[%emt 0:00:04]} h6 {[%emt 0:00:23]} 7. Bh4 {[%emt 0:00:05]} O-O {[%emt 0:02:42]} 8. e3 {[%emt 0:00:43]} Be6 {[%emt 0:00:08]} 9. a3 {[%emt 0:11:32]} Bxc3+ {[%emt 0:04:20]} 10. Qxc3 {[%emt 0:06:13]} Bf5 {[%emt 0:00:27]} 11. Nf3 {[%emt 0:19:06]} c6 {[%emt 0:05:30]} 12. Nd2 {[%emt 0:05:31]} Nbd7 {[%emt 0:00:56]} 13. Be2 {[%emt 0:01:54]} Ne4 {[%emt 0:04:35]} 14. Nxe4 {[%emt 0:00:50]} Qxh4 {[%emt 0:00:17]} 15. Nd6 {[%emt 0:01:10]} Qg5 {[%emt 0:03:49]} 16. O-O {[%emt 0:17:23]} Rab8 {[%emt 0:06:41]} 17. Nxf5 {[%emt 0:00:53]} Qxf5 {[%emt 0:00:07]} 18. Bd3 {[%emt 0:00:04]} Qe6 {[%emt 0:05:00]} 19. b4 {[%emt 0:02:03]} Rbc8 {[%emt 0:04:11]} 20. Rae1 {[%emt 0:02:05]} f5 {[%emt 0:09:29]} 21. e4 {[%emt 0:00:16]} fxe4 {[%emt 0:00:33]} 22. Rxe4 {[%emt 0:00:07]} Qd6 {[%emt 0:01:52]} 23. Re2 {[%emt 0:01:44]} Rce8 {[%emt 0:04:36]} 24. Rfe1 {[%emt 0:10:40]} Nf6 {[%emt 0:05:30]} 25. g3 {[%emt 0:03:38]} Rxe2 {[%emt 0:04:23]} 26. Rxe2 {[%emt 0:00:01]} Re8 {[%emt 0:04:29]} 27. Re5 {[%emt 0:03:24]} Kf8 {[%emt 0:02:50]} 28. Bg6 {[%emt 0:02:48]} Rxe5 {[%emt 0:15:27]} 29. dxe5 {[%emt 0:00:02]} d4 {[%emt 0:00:08]} 30. exd6 {[%emt 0:04:39]} dxc3 {[%emt 0:00:39]} 31. Kf1 {[%emt 0:00:50]} Ng4 {[%emt 0:03:20]} 32. Ke2 {[%emt 0:01:08]} Ne5 {[%emt 0:01:05]} 33. Bf5 {[%emt 0:02:00]} Nc4 {[%emt 0:01:53]} 34. a4 {[%emt 0:02:42]} Nxd6 {[%emt 0:07:38]} 35. Bc2 {[%emt 0:00:01]} Ke7 {[%emt 0:02:29]} 36. Kd3 {[%emt 0:00:06]} b6 {[%emt 0:00:06]} 37. Kxc3 {[%emt 0:00:09]} c5 {[%emt 0:00:05]} 38. bxc5 {[%emt 0:00:08]} bxc5 {[%emt 0:00:07]} 39. f4 {[%emt 0:01:36]} Ke6 {[%emt 0:00:09]} 40. g4 {[%emt 0:00:00]} Kd5 {[%emt 0:00:00]} 41. g5 {[%emt 0:09:46]} hxg5 {[%emt 0:20:35]} 42. fxg5 {[%emt 0:00:10]} Ke5 {[%emt 0:00:03]} 43. g6 {[%emt 0:08:43]} Kf4 {[%emt 0:03:51]} 44. Kd3 {[%emt 0:00:07]} Kf5 {[%emt 0:02:14]} 45. Ke3+ {[%emt 0:02:07]} Ke5 {[%emt 0:00:05]} 46. Kd3 {[%emt 0:00:32]} Kf4 {[%emt 0:00:32]} 47. a5 {[%emt 0:01:07]} Kf5 {[%emt 0:00:48]} 48. Ke3+ {[%emt 0:00:52]} Ke5 {[%emt 0:00:29]} 49. a6 {[%emt 0:02:22]} c4 {[%emt 0:02:40]} 50. h4 {[%emt 0:00:17]} Ne8 {[%emt 0:01:35]} 51. Be4 {[%emt 0:01:30]} Nd6 {[%emt 0:00:36]} 52. Bc2 {[%emt 0:01:31]} Ne8 {[%emt 0:00:28]} 53. Be4 {[%emt 0:01:57]} Nf6 {[%emt 0:02:00]} 54. Bf3 {[%emt 0:00:30]} Ng8 {[%emt 0:00:35]} 55. Bg2 {[%emt 0:03:11]} Nf6 {[%emt 0:02:17]} 56. Bf3 {[%emt 0:00:01]} Ne8 {[%emt 0:01:15] Ke4+} 1/2-1/2

[Event "EYCC Open-U18 2019"]
[Site "Bratislava"]
[Date "2019.08.06"]
[Round "5.15"]
[White "Erenberg, Ariel"]
[Black "Oboladze, Luka"]
[Result "1-0"]
[WhiteElo "2442"]
[BlackElo "2323"]
[Annotator "NA"]
[PlyCount "77"]
[EventDate "2019.08.02"]
[EventType "swiss"]
[EventCountry "SVK"]
[SourceTitle "playchess.com"]
[Source "ChessBase"]
[SourceQuality "1"]
[TimeControl "40/5400+30:1800+30"]

1. Nf3 {[%emt 0:00:00]} Nf6 {[%emt 0:00:00]} 2. c4 {[%emt 0:00:00]} e6 {[%emt 0:01:00]} 3. g3 {[%emt 0:00:21]} b6 {[%emt 0:01:01]} 4. Bg2 {[%emt 0:00:55]} Bb7 {[%emt 0:02:57]} 5. O-O {[%emt 0:00:20]} g6 {[%emt 0:01:40]} 6. Re1 {[%emt 0:11:44]} Bg7 {[%emt 0:00:38]} 7. Nc3 {[%emt 0:01:18]} Ne4 {[%emt 0:03:27]} 8. Nxe4 {[%emt 0:07:06]} Bxe4 {[%emt 0:00:07]} 9. d3 {[%emt 0:00:04]} Bb7 {[%emt 0:00:08]} 10. e4 {[%emt 0:01:27]} O-O {[%emt 0:03:10]} 11. d4 {[%emt 0:01:10]} d6 {[%emt 0:00:30]} 12. Bg5 {[%emt 0:06:56]} f6 {[%emt 0:14:08]} 13. Bd2 {[%emt 0:00:10]} e5 {[%emt 0:01:40]} 14. c5 {[%emt 0:06:40]} dxc5 {[%emt 0:10:20]} 15. dxc5 {[%emt 0:23:45]} Nc6 {[%emt 0:00:19]} 16. b4 {[%emt 0:00:44]} bxc5 {[%emt 0:08:11]} 17. bxc5 {[%emt 0:02:57]} Rb8 {[%emt 0:02:00]} 18. Qa4 {[%emt 0:06:36]} Qe7 {[%emt 0:09:21]} 19. Rab1 {[%emt 0:02:16]} Ba8 {[%emt 0:02:04]} 20. Be3 {[%emt 0:03:57]} Rfd8 {[%emt 0:02:44]} 21. Rxb8 {[%emt 0:00:25]} Rxb8 {[%emt 0:01:04]} 22. Bf1 {[%emt 0:00:07]} Rb4 {[%emt 0:12:33]} 23. Bc4+ {[%emt 0:00:07]} Kh8 {[%emt 0:01:06]} 24. Qc2 {[%emt 0:00:03]} Na5 {[%emt 0:01:29]} 25. Bd5 {[%emt 0:01:11]} Bxd5 {[%emt 0:06:30]} 26. exd5 {[%emt 0:00:08]} e4 {[%emt 0:01:25]} 27. Nd4 {[%emt 0:09:15]} f5 {[%emt 0:03:28]} 28. Ne6 {[%emt 0:03:07]} Nc4 {[%emt 0:02:13]} 29. Rb1 {[%emt 0:02:06]} Nxe3 {[%emt 0:08:00]} 30. fxe3 {[%emt 0:00:03]} a5 {[%emt 0:00:23]} 31. Rxb4 {[%emt 0:02:42]} axb4 {[%emt 0:00:04]} 32. Qa4 {[%emt 0:00:16]} h5 {[%emt 0:01:27]} 33. Qxb4 {[%emt 0:00:56]} Be5 {[%emt 0:00:07]} 34. Qb8+ {[%emt 0:02:20]} Kh7 {[%emt 0:00:02]} 35. Qd8 {[%emt 0:02:06]} Qxd8 {[%emt 0:01:23]} 36. Nxd8 {[%emt 0:00:01]} Kg7 {[%emt 0:00:35]} 37. Nc6 {[%emt 0:00:19]} Kf6 {[%emt 0:00:43]} 38. a4 {[%emt 0:01:32]} Bb2 {[%emt 0:00:07]} 39. a5 {[%emt 0:01:12]} 1-0

[Event "EYCC Open-U18 2019"]
[Site "Bratislava"]
[Date "2019.08.06"]
[Round "5.16"]
[White "Boev, Viktor"]
[Black "Gaifullin, Artur"]
[Result "0-1"]
[WhiteElo "2246"]
[BlackElo "2453"]
[Annotator "ChessBase"]
[PlyCount "62"]
[EventDate "2019.08.02"]
[EventType "swiss"]
[EventCountry "SVK"]
[SourceTitle "playchess.com"]
[Source "ChessBase"]
[SourceQuality "1"]
[TimeControl "40/5400+30:1800+30"]

1. e4 {[%emt 0:00:00]} c6 {[%emt 0:00:00]} 2. c4 {[%emt 0:00:00]} d5 {[%emt 0:00:00]} 3. exd5 {[%emt 0:00:26]} cxd5 {[%emt 0:00:00]} 4. cxd5 {[%emt 0:00:08]} Nf6 {[%emt 0:00:00]} 5. Bb5+ {[%emt 0:00:16]} Nbd7 {[%emt 0:00:26]} 6. Nf3 {[%emt 0:01:22]} a6 {[%emt 0:01:15]} 7. Ba4 {[%emt 0:00:14]} b5 {[%emt 0:02:02]} 8. Bb3 {[%emt 0:00:08]} Nc5 {[%emt 0:00:55]} 9. Bc2 {[%emt 0:01:56]} Bb7 {[%emt 0:01:52]} 10. O-O {[%emt 0:01:07]} Nxd5 {[%emt 0:02:40]} 11. d4 {[%emt 0:00:36]} Nd7 {[%emt 0:00:16]} 12. a4 {[%emt 0:06:38]} b4 {[%emt 0:01:03]} 13. Nbd2 {[%emt 0:01:34]} g6 {[%emt 0:03:07]} 14. Nb3 {[%emt 0:00:36]} Bg7 {[%emt 0:00:19]} 15. Nfd2 {[%emt 0:07:06]} O-O {[%emt 0:01:20]} 16. Nc4 {[%emt 0:10:33]} Rc8 {[%emt 0:02:31]} 17. Nca5 {[%emt 0:01:40]} Ba8 {[%emt 0:00:07]} 18. Bd3 {[%emt 0:00:36]} Qb6 {[%emt 0:01:55]} 19. Qe2 {[%emt 0:03:30]} Rxc1 {[%emt 0:09:58]} 20. Rfxc1 {[%emt 0:00:37]} Nf4 {[%emt 0:02:06]} 21. Qxe7 {[%emt 0:19:54]} Bxd4 {[%emt 0:10:59]} 22. Nxd4 {[%emt 0:07:36]} Qxd4 {[%emt 0:00:46]} 23. Bf1 {[%emt 0:00:33]} Ne5 {[%emt 0:00:11]} 24. Qc5 {[%emt 0:11:26]} Nh3+ {[%emt 0:10:39]} 25. Kh1 {[%emt 0:00:16]} Nxf2+ {[%emt 0:00:54]} 26. Kg1 {[%emt 0:00:07]} Nh3+ {[%emt 0:02:09]} 27. Kh1 {[%emt 0:00:06]} Qf4 {[%emt 0:00:47]} 28. Rc4 {[%emt 0:00:28]} Nxc4 {[%emt 0:01:37]} 29. Nxc4 {[%emt 0:00:27]} Re8 {[%emt 0:01:04]} 30. Qxb4 {[%emt 0:08:57]} Qf2 {[%emt 0:00:32]} 31. Qb6 {[%emt 0:00:07]} Bxg2+ {[%emt 0:00:08]} 0-1

[Event "EYCC Open-U18 2019"]
[Site "Bratislava"]
[Date "2019.08.06"]
[Round "5.17"]
[White "Mitsis, Georgios"]
[Black "Stevanic, David"]
[Result "0-1"]
[WhiteElo "2399"]
[BlackElo "2306"]
[Annotator "NA"]
[PlyCount "120"]
[EventDate "2019.08.02"]
[EventType "swiss"]
[EventCountry "SVK"]
[SourceTitle "playchess.com"]
[Source "ChessBase"]
[SourceQuality "1"]
[TimeControl "40/5400+30:1800+30"]

1. d4 {[%emt 0:00:00]} Nf6 {[%emt 0:00:00]} 2. c4 {[%emt 0:00:00]} g6 {[%emt 0:00:00]} 3. Nc3 {[%emt 0:00:00]} Bg7 {[%emt 0:00:00]} 4. e4 {[%emt 0:00:00]} d6 {[%emt 0:00:00]} 5. f3 {[%emt 0:00:11]} O-O {[%emt 0:00:24]} 6. Be3 {[%emt 0:00:09]} c5 {[%emt 0:00:19]} 7. Nge2 {[%emt 0:00:16]} Nc6 {[%emt 0:00:20]} 8. d5 {[%emt 0:00:17]} Ne5 {[%emt 0:00:07]} 9. Ng3 {[%emt 0:00:13]} h5 {[%emt 0:00:05]} 10. Be2 {[%emt 0:00:27]} h4 {[%emt 0:00:05]} 11. Nf1 {[%emt 0:00:13]} e6 {[%emt 0:00:06]} 12. Bg5 {[%emt 0:00:29]} h3 {[%emt 0:05:42]} 13. gxh3 {[%emt 0:00:37]} exd5 {[%emt 0:05:19]} 14. Nxd5 {[%emt 0:00:52]} Nc6 {[%emt 0:04:43]} 15. Qd2 {[%emt 0:06:47]} Nd4 {[%emt 0:09:10]} 16. h4 {[%emt 0:01:17]} Ne6 {[%emt 0:06:24]} 17. Nfe3 {[%emt 0:03:26]} Nxg5 {[%emt 0:01:52]} 18. hxg5 {[%emt 0:01:26]} Nxd5 {[%emt 0:03:20]} 19. Nxd5 {[%emt 0:00:14]} Be6 {[%emt 0:00:05]} 20. Nc3 {[%emt 0:02:54]} a6 {[%emt 0:02:59]} 21. h4 {[%emt 0:03:28]} b5 {[%emt 0:02:29]} 22. cxb5 {[%emt 0:08:43]} axb5 {[%emt 0:00:57]} 23. Bxb5 {[%emt 0:01:53]} Qa5 {[%emt 0:03:48]} 24. Be2 {[%emt 0:08:54]} Rfb8 {[%emt 0:06:49]} 25. Rc1 {[%emt 0:01:01]} Bxc3 {[%emt 0:04:27]} 26. bxc3 {[%emt 0:03:35]} Qxa2 {[%emt 0:00:26]} 27. Qe3 {[%emt 0:06:56]} Rb2 {[%emt 0:05:36]} 28. Rf1 {[%emt 0:02:22]} d5 {[%emt 0:10:30]} 29. exd5 {[%emt 0:14:50]} Bxd5 {[%emt 0:08:47]} 30. Rd1 {[%emt 0:03:36]} Bc4 {[%emt 0:07:10]} 31. Rf2 {[%emt 0:04:09]} Bxe2 {[%emt 0:07:06]} 32. Rxe2 {[%emt 0:00:05]} Rxe2+ {[%emt 0:00:06]} 33. Qxe2 {[%emt 0:00:05]} Qa4 {[%emt 0:00:14]} 34. Kf1 {[%emt 0:06:43]} Re8 {[%emt 0:01:20]} 35. Qd2 {[%emt 0:00:14]} Qxh4 {[%emt 0:01:01]} 36. Kg2 {[%emt 0:00:22]} Re5 {[%emt 0:01:14]} 37. Qd8+ {[%emt 0:07:31]} Kh7 {[%emt 0:00:07]} 38. Rd2 {[%emt 0:00:15]} Rxg5+ {[%emt 0:01:21]} 39. Kf1 {[%emt 0:00:05]} Qh1+ {[%emt 0:02:22]} 40. Ke2 {[%emt 0:00:00]} Rg2+ {[%emt 0:00:00]} 41. Kd3 {[%emt 0:00:11]} Rxd2+ {[%emt 0:03:12]} 42. Kxd2 {[%emt 0:00:10]} Qxf3 {[%emt 0:00:04]} 43. Qe7 {[%emt 0:00:47]} Qd5+ {[%emt 0:00:42]} 44. Kc1 {[%emt 0:00:33]} Kg7 {[%emt 0:00:11]} 45. Qe2 {[%emt 0:01:26]} Kf6 {[%emt 0:00:56]} 46. Qf2+ {[%emt 0:00:13]} Qf5 {[%emt 0:00:14]} 47. Qh2 {[%emt 0:00:20]} Kg7 {[%emt 0:01:36]} 48. Kb2 {[%emt 0:00:07]} g5 {[%emt 0:00:16]} 49. Qh5 {[%emt 0:00:16]} Qf4 {[%emt 0:00:25]} 50. Kb3 {[%emt 0:00:16]} Qe5 {[%emt 0:02:12]} 51. Kc4 {[%emt 0:00:28]} f6 {[%emt 0:00:29]} 52. Qd1 {[%emt 0:01:27]} Kg6 {[%emt 0:00:36]} 53. Qb1+ {[%emt 0:01:27]} f5 {[%emt 0:01:46]} 54. Qb6+ {[%emt 0:00:42]} Kh5 {[%emt 0:00:05]} 55. Qa7 {[%emt 0:00:35]} Qe6+ {[%emt 0:01:26]} 56. Kb5 {[%emt 0:00:46]} Qb3+ {[%emt 0:00:21]} 57. Kxc5 {[%emt 0:00:06]} Qxc3+ {[%emt 0:00:03]} 58. Kd5 {[%emt 0:00:06]} Qe1 {[%emt 0:00:40]} 59. Qa3 {[%emt 0:00:49]} Kg4 {[%emt 0:00:33]} 60. Qa4+ {[%emt 0:00:58]} Qe4+ {[%emt 0:00:31] Ke5} 0-1